Quizzes
Events
Quiz Creation
Community
Videos
Private Events
Remove Ads
Sign In
Join for FREE
Feedback
Dark Mode
Quiz Categories
Sports
Geography
Music
Movies
Television
Just For Fun
Miscellaneous
History
Literature
Language
Science
Gaming
Entertainment
Religion
Holiday
For Kids
Quiz Lab
Recent
Popular Today
Quiz Kudos Today
Editor Picks
Curator Picks
Quizzes by...
Day
Popularity
Type
Ratings
Length
Year
Community
Subscriptions
Recent Discussions
Orange Saloon
Badges
Playlists
Quests
Create
Leaderboards
Showdown
Live 5
Trivia Bingo
Activity
Puzzle Library
Sporcle Events
Private Events
Virtual Trivia
Globe League
Become a Host
Pub Owners
SporcleCon
Opinionation
Our Games
Videos
Blog
Mobile Apps
Partnerships
Remove Ads and Go Orange
Feedback
Music
Pop Music
The Beatles
Song
Album
Lyrics
Bands
Singers
Artist
Clip
Rock
Rap
Classical
Billboard
Country Music
Kpop
Taylor Swift
Music
Pop Music
The Beatles
Song
Album
Lyrics
Bands
Singers
Artist
Clip
Rock
Rap
Classical
Billboard
Country Music
Kpop
Taylor Swift
Random Quiz
Search Sporcle
×
Quiz Lab
Quiz Lab
Music
Rapper
Type in answers that appear in a list
Type in answers that appear in a list
Classic
Best Score? Go Orange.
Interactive Rappers Quiz (Gimme a Rapper) Stats
Can you name the Rappers Picked By You??
By
happygi1more77
8m
81 Questions
151 Plays
151 Plays
151 Plays
Comments
Comments
Give Quiz Kudos
Give Quiz Kudos
-
- Ratings
hide this ad
More Info
Replay
Link that replays current quiz
Next Quiz
Link to next quiz in quiz playlist
You Got
0%
They Got
Avg Score
15%
Avg Friend Score
Upgrade to see
Score Distribution
Jump to the score distribution portion of the page
Score
0/81
Timer
08:00
0
Plays Today
Rapper
% Correct
Eminem
72.8%
Pusha T
70.2%
Lil' Wayne
57.6%
Drake
55%
2pac
51.7%
Jay-Z
50.3%
Dr. Dre
49%
Snoop Dogg
45%
Biggie
44.7%
Kanye West
43.7%
Vanilla Ice
43.7%
Ice Cube
43%
Master P
39%
50 Cent
38.4%
T.I.
29.8%
Nas
28.4%
Nicki Minaj
25.2%
Ludacris
19.9%
Game
19.2%
DMX
18.4%
J. Cole
17.2%
Wiz Khalifa
16.6%
Diddy
16.6%
Busta Rhymes
15.9%
Big Sean
15.2%
Lil' Jon
15.2%
Nelly
14.6%
Rapper
% Correct
Fat Joe
14.6%
Rick Ross
13.2%
Andre 3000
13.2%
Flo Rida
13.2%
Rev Run
12.8%
Big Pun
12.1%
Wu Tang Clan
12.1%
Pitbull
11.9%
Tyga
11.3%
Birdman
9.9%
Odd Future
9.2%
B.o.B
8.6%
Big Boi
8.5%
DMC
8.5%
Redman
7.8%
Common
7.8%
Pharrell
7.3%
The Beastie Boys
7.3%
Jadakiss
7.1%
Mos Def
6.4%
Lupe Fiasco
6%
will.i.am
6%
Mac Miller
6%
Chamillionaire
5.7%
Wale
4.6%
Young Jeezy
4.6%
LMFAO
4%
Rapper
% Correct
Sean Kingston
4%
Juvenile
3.5%
Talib Kweli
3.5%
Obie Trice
2.8%
Mystikal
2.8%
Xhibit
2.8%
Plies
2.6%
Fabolous
2.6%
The Sugarhill Gang
2.6%
Petey Pablo
2.6%
Freeway
2.1%
Waka Flocka Flame
2%
Cory Gunz
2%
MGK
2%
Memphis Bleek
1.4%
Brother Ali
1.4%
Jeremih
1.3%
Roscoe Dash
1.3%
The Lonely Island
1.3%
Troop 41
1.3%
Fort Minor
1.3%
Stmosphere
0.7%
Miguel
0.7%
Bad Meets Evil
0.7%
New Boyz
0.7%
Shaquille O'Neal
0.7%
V.I.C.
0.7%
Quiz Playlist
Details
Report
Send in Message
Add To Playlist
More Info:
Comment a rapper and it will be added. I started you off with a few.
Classic:
Type in answers that appear in a list
Last Updated: Feb 16, 2017
Quiz Scoreboard
CHALLENGE
Sign Up to Join the Scoreboard
Show All
Scores
Hide
Comments
May contain spoilers
Recently Published
NBA Finals Game Top Scorers (2010s)
by flibbidy
Sports
5m
Guess the 'R' Things in 3 Words
by MSUKent
Miscellaneous
3m
Actor to Badly Drawn Movie III
by MoMosMoProblems
Movies
5m
More to Explore
Quiz From the Vault
Featured Blog Post
Where Does Lost Luggage Go?
hide this ad
You Might Also Like...
Tags
gimme
Interactive
Picked
Rapper
Today's Top Quizzes in Music
Browse Music
hide this ad
Today's Top Quizzes in Rapper
Browse Rapper
Top Contributed Quizzes in Music
1
Taylor Swift All Songs (2024)
2
Image Sorting: Rock Albums II
3
Image Sorting: Rock Albums III
4
Image Sorting: Rock Albums IV
5
Image Sorting: Rock Albums V
6
Image Sorting: Rock Albums VI
7
Taylor Swift Logic Puzzle
8
Adjectives in 80s Songs
9
Image Sorting: Album Titles
10
Nickname Match: Musicians
Explore More
Trending Topics
Crossword
NBA
Harry Potter
Kpop
Marvel
Anime
Disney
Song
The Office
Pokémon
Country
Soccer
NFL
WWE
Puzzle
hide this ad
More By:
happygi1more77
Quiz
Plays
Rating
Category
Featured
Created
Click What Says Click
123,132
3.80
Just For Fun
Apr 21, 2012
NBA All-Stars In Their Rookie Season
5,172
4.00
Sports
Apr 19, 2011
Drawing a Blank (songs)
2,269
2.78
Music
Dec 2, 2011
Top 100 Fantasy Basketball Players 2011-2012
1,943
4.44
Sports
Dec 12, 2011
Alphabet Minefield
847
4.00
Miscellaneous
Jul 12, 2012
Go to Creator's Profile
Score Distribution
Quiz Creator Spotlight
happygi1more77
Follow
Send a Message
Quizzes Created
-
Created Quiz Play Count
-
More By This Creator
Popular Quizzes Today
1
Find the US States - No Outlines Minefield
2
Find the US States
3
The Countries of the World
4
10 Largest US States in Order
5
Find the Countries of Europe - No Outlines Minefield
6
US States
7
Guess the 'R' Things in 3 Words
8
NBA Finals Game Top Scorers (2010s)
More Music Quizzes
Cody Simpson Songs
Quiz Lab
Trending Quizzes
First Name TV: Leading Men
First Name TV: Leading Women Drama
Match the Book to the Film II
Pick A Pair: Religious TV
Match the Book to the Film VI
Recently Updated
Women's Final Four Teams by Year
bhenderson79
Presidents Quartet II
eogle
Anything But Clue(do)
eogle
Anything But Oceanian Capitals
eogle
Anything But 7
eogle
Anything But Thing
eogle
Word Ladder: February 29
pecheneg
Song Title Questions
pecheneg
Women's NCAA Tournament #1 Seeds
pecheneg
Celebrity Mug Shots
pecheneg
Trending Topics
Kpop
NBA
Anime
Harry Potter
Crossword
Disney
Marvel
NFL
WWE
Country
The Office
Pokémon
Puzzle
Song
Soccer
Your Account Isn't Verified!
In order to create a playlist on Sporcle, you need to verify the email address you used during registration. Go to your
Sporcle Settings
to finish the process.
Report this User
Report this user for behavior that violates our
Community Guidelines
.
Details:
Send Report
Go to the Sporcle.com Mobile Site →
Comments